000 00705nam a2200205Ia 4500
005 20260121110209.0
008 008 260114s9999 xx 000 0 hin d
020 _a9788132365846
037 _aEBOOK
040 _aCRL
_bhin
_cCRL
041 _ahin
_2hin
084 _qCRL
100 _aसंगीता चोपड़ा / Sangeeta Chopra
_9943217
245 0 _aदिव्यांग बालक: समस्‍या व समाधान / Divyang Balak: Samasya Evam Samadhan
260 _bभाषा प्रकाशन / Bhasha Prakashan
_c2021
856 _uhttps://bhashaprakashan.com/product-details/379440
942 _cEBOOK
999 _c1534882
_d1534882